000 00504nam a2200181Ia 4500
005 20250326123707.0
008 250326s9999 xx 000 0 und d
037 _aTextbook
040 _aFMSL
_beng
_cFMSL
041 _aeng
_2eng
084 _aX65.56 N6
_qFMSL
100 _aPike R
_9735829
245 0 _aCorporate fice and investment
_cPike R; Neale B
260 _aNew Delhi
_bNew Delhi, Prentice-Hall
_c1998
300 _a706p
942 _cTB
_hX65.56 N6
999 _c1270535
_d1270535